000 00354nam a2200157Ia 4500
003 IT-RoPAU
008 120407s9999 xx 000 0 und d
040 _aIT-RoPAU
040 _cIT-RoPAU
100 _aVito Moretti
245 _aIl simbolo, il mito e la scrittura dell'utopia
260 _aDell'Ateneo
300 _c cm
490 _v1
942 _cBK
999 _c2553
_d2553